000 00674cam a22002293a 4500
001 17961
003 PGUSA
005 20140828083401.0
008 060310s2006||||xxu|||||s|||||000 | eng d
040 _aPGUSA
_beng
042 _adc
050 4 _aHV
100 1 _aCharlotte Elizabeth,
_d1790-1846
245 1 0 _aKindness to Animals; Or, The Sin of Cruelty Exposed and Rebuked
_h[electronic resource] /
_cCharlotte Elizabeth
260 _bProject Gutenberg,
_c2006
506 _aPublic domain in the USA.
516 _aElectronic text
653 _aAnimal welfare
830 0 _aProject Gutenberg
_v17961
856 4 0 _uhttp://www.gutenberg.org/ebooks/17961
942 _cEB
999 _c247216
_d247216